00511nam a2200205Ia 450000500170000000800460001702000180006303700100008104000080009104000080009904000080010704100080011504100080012308400080013124500630013926000150020226000090021765000300022685600490025620260306145811.0008 260114s9999 xx 000 0 eng d a9783110799392 aEbook aCRL beng cCRL 2eng aeng qCRL 0aDigital Flux, Linguistic Justice and Minoritized Languages bDe Gruyter c2024 aLinguistics and Semiotics uhttps://www.degruyter.com/isbn/9783110799392